Central Library OPAC University of Rajshahi

Report of the child nutritional status survey, 1989-90 / (Record no. 73628)

MARC details
000 -LEADER
fixed length control field 00897nam a2200241 a 4500
001 - CONTROL NUMBER
control field 73628
003 - CONTROL NUMBER IDENTIFIER
rucl marc code BD-RjUL
005 - DATE AND TIME OF LATEST TRANSACTION
control field 20211209082424.0
008 - FIXED-LENGTH DATA ELEMENTS--GENERAL INFORMATION
fixed length control field 170605s1991 bg ab b f000 0 eng d
020 ## - INTERNATIONAL STANDARD BOOK NUMBER
Terms of availability Tk200.00 ($25.00 U.S.)
035 ## - SYSTEM CONTROL NUMBER
System control number (BD-RjUL)73846
040 ## - CATALOGING SOURCE
Original cataloging agency DLC
Transcribing agency DLC
Modifying agency BD-RjUL
Language of cataloging eng
041 ## - LANGUAGE CODE
Language code of text/sound track or separate title eng
082 ## - DEWEY DECIMAL CLASSIFICATION NUMBER
Edition number 23
Classification number 641.095492
Author mark and year BAR 1991
110 ## - MAIN ENTRY--CORPORATE NAME
Corporate name or jurisdiction name as entry element Bangladesh Bureau of Statistics
9 (RLIN) 217925
245 00 - TITLE STATEMENT
Title Report of the child nutritional status survey, 1989-90 /
Statement of responsibility, etc. Bangladesh Bureau of Statistics
260 ## - PUBLICATION, DISTRIBUTION, ETC. (IMPRINT)
Place of publication, distribution, etc. Dhaka, Bangladesh :
Name of publisher, distributor, etc. Bangladesh Bureau of Statistics, Statistics Division, Ministry of Planning, Govt. of the People's Republic of Bangladesh,
Date of publication, distribution, etc. [1991]
300 ## - PHYSICAL DESCRIPTION
Pagination ix, 157 p. :
Illustrations ill. ;
Size 28 cm.
504 ## - BIBLIOGRAPHY, ETC. NOTE
Bibliography, etc Includes bibliographical references (p. 157).
650 ## - SUBJECT ADDED ENTRY--TOPICAL TERM
Topical term or geographic name as entry element Nutrition
General subdivision Evaluation
Geographic subdivision Bangladesh
9 (RLIN) 217924
942 ## - ADDED ENTRY ELEMENTS (KOHA)
Source of classification or shelving scheme Dewey Decimal Classification
Koha item type Books
Holdings
Lost status Source of classification or shelving scheme Damaged status Not for loan Collection code Permanent Location Current Location Shelving location Date acquired Source of acquisition Cost, normal purchase price Total Checkouts Full call number Date last seen Copy number Koha item type
  Dewey Decimal Classification   Not For Loan Non-fiction Central Library, University of Rajshahi Central Library, University of Rajshahi Reading Room 02/04/1994 Mohiuddin & Sons 200.00   641.095492 BAR 1991 05/06/2017 C-1 Books